Statistics for Marvel's The Amazing Spider-Man 2 Characters Quiz

Click here to take the quiz!

General Stats

  • This quiz has been taken 99 times
  • The average score is 6 of 11

Answer Stats

Actor/ActressDescriptionCharacter% Correct
Andrew GarfieldAn orphaned teenage boy who received spider-powers after being bitten by a genetically altered spiderPeter Parker / Spider-Man
100%
Emma StoneA high school student and Peter's love interestGwen Stacy
91%
Jamie FoxxAn electrical engineer who works for Oscorp Industries and later transforms into a powerful, electronical creature following an accidentElectro / Max Dillon
86%
Sally FieldPeter's auntMay Parker
84%
Dane DeHaanPeter's longtime friend for 10 years and son of Norman OsbornGreen Goblin / Harry Osborne
78%
Campbell ScottPeter's fatherRichard Parker
41%
Felicity JonesNorman's assistant at Oscorp, and later Harry'sFelicia
40%
Embeth DavidtzPeter's motherMary Parker
26%
Colm FeoreOscorp's Vice President and Head of the BoardDonald Menken
8%
Marton CsokasThe head of Ravencroft InstituteDr. Kafka
4%
Paul GiamattiA Russian hired killer for the Russian Mafia, who allies with Harry and receives a massive, well-armored, robotic, rhino-like suit from himRhino / Aleksei Sytsevich
1%

Score Distribution

Percentile by Number Answered

Percent of People with Each Score

Your Score History

You have not taken this quiz